Great Chinese emperors tales of wise and benevolent rule

Bibliographic Details
Other Authors: Goh, Tian
Format: Book
Language:English
Published: Singapore Asiapac 2006
Series:History express
Subjects:
LEADER 00697cam a2200205 a 4500
001 0000084022
005 20070209090000.0
040 |a mod 
041 |a eng 
020 0 0 |a 9812294511 
090 0 0 |a 931.0099  |b GRE  |e 2006 
245 1 0 |a Great Chinese emperors  |b tales of wise and benevolent rule  |c compiled & illustrated by Tian Hengyu ; translated by Geraldine Goh 
260 0 0 |a Singapore  |b Asiapac  |c 2006 
300 0 0 |a 180 p.  |b ill.  |c 21 cm 
440 0 0 |a History express 
650 0 0 |a China Kings and rulers Comic books, strips, etc 
650 0 0 |a China History Comic books, strips, etc 
700 1 1 |a Goh  |h Geraldine 
700 1 1 |a Tian  |h Hengyu  |y 1941- 
999 |a 0252234  |b 1 BGD  |d BOOKS  |e Umum  |f 1 BGD  |j AVAILABLE  |q GOOD CONDITION